000
00281nam a22001097a 4500
008
160622b xxu||||| |||| 00| 0 eng d
100
_9
344
_a
The World Book Encylopedia
245
_a
The World Book
260
_a
LON
_b
World Book Inc.
_c
1993
300
_a
The World Book
942
_2
ddc
_c
BK
999
_c
276
_d
276